Footballeurs en B - Statistiques

Statistiques générales
  • Ce quiz a été pris 151 fois
  • Le résultat moyen est 13 sur 20
Statistiques - réponses
Par images Réponse % Correct
Benzema
100%
Beckham
99%
Balotelli
98%
Buffon
98%
Barthez
96%
Ben Arfa
94%
Busquets
90%
Barella
87%
Bonucci
86%
Benatia
71%
Bernat
71%
Boufal
71%
Bergkamp
67%
Benteke
44%
Bodmer
44%
Briand
43%
Bakwa
20%
Bojan
19%
Boghossian
17%
Bonnart
7%
Aucun quiz correspondant
Distribution des résultats
% des personnes avec chaque résultat
Percentile par nombre de réponses
Votre historique - résultats
Vous n’avez pas pris ce quiz